| 000 | 01413nam a22003014aa4500 | ||
|---|---|---|---|
| 003 | BOFEUTO | ||
| 005 | 20260519153028.0 | ||
| 008 | 260605t2026 bo gr 000 f spa d | ||
| 017 | _a4-193767-2026 | ||
| 020 | _a978-9917-663-28-7 | ||
| 040 |
_6BOFEUTO _aBOFEUTO _cBOFEUTO |
||
| 082 |
_a519.5 _bH531c |
||
| 100 |
_aHerrera Leniz, Miguel _eautor |
||
| 245 |
_aContenidos básicos de estadística descriptiva / _cMiguel Herrera Leniz |
||
| 246 | _aBasic contents of descriptive statistic | ||
| 250 | _a6ta. ed. | ||
| 260 |
_aOruro : _bLatinas, _c2026. |
||
| 300 |
_a252p. ; _bilus. ; _c20.50 cm. |
||
| 500 | _aIncluye bibliografía, apéndice, fórmulas estadísticas. | ||
| 505 | _aCAPÍTULO 1. Nociones fundamentales de estadística CAPÍTULO 2. Distribución unidimensional de frecuencias CAPÍTULO 3. Medidas de tendencia central y de puntuación CAPÍTULO 4. Medidas de dispersión CAPÍTULO 5. Medidas de asimetría y kurtosis CAPÍTULO 6. Distribuciones bidimensionales CAPÍTULO 7. Regresión y correlación CAPÍTULO 8. Análisis de series de tiempo CAPÍTULO 9. Números índices CAPÍTULO 10. Estadística de atributos CAPÍTULO 11. Muestreo estadístico. | ||
| 650 | _aEstadística descriptiva | ||
| 653 | _aMetodología de una investigación estadística | ||
| 653 | _aDistribuciones | ||
| 653 | _aMedia aritmética | ||
| 653 | _aVarianza | ||
| 653 | _aMuestreo | ||
| 942 |
_2ddc _cLI _n0 |
||
| 999 |
_c16178 _d16178 |
||